000 00344nam a2200145Ia 4500
008 230312s9999||||xx |||||||||||||| ||und||
020 _a0-13-749136-0
082 _a650.0285
_bSRI-A
100 _aSridharan;Prashant
245 0 _aAdvanced Java Networking
260 _bPrentice
_aUSA
_c1997
300 _a359
650 _aComputer
942 _cBK
999 _c4812
_d4812